000 00524nam a2200181 a 4500
001 000030673
003 DO-SdBNP
005 20240305111025.0
008 110525s1925 dr 000 p spa d
040 _aDO-SdBNP
_bspa
_cBNPHU
049 _aBNPD
082 _axxx
_bV864n
100 1 _aVizardi, Ligio
_d1895-1968
_937744
245 1 4 _aLos nocturnos del olvido /
_cLigio Vizardi.
260 _aSan Pedro de Macorís, República Dominicana :
_bEditorial La Nación,
_c1925.
300 _a31 p. ;
_c24 cm.
942 _2ddc
_cLBS1
999 _c30165
_d30165